000 00623nam a22001937a 4500
005 20260409171630.0
008 260409b |||||||| |||| 00| 0 eng d
020 _a9788123909455
_qpbk
082 _a660.283
_bBHA
100 _aBhattacharyya, B.C.
245 _aIntroduction to chemical equipment design : mechanical aspects
250 _a1st ed. 1985 ; rep. 2025
260 _aNew Delhi
_bCBS Publishers and Distributors
_c1985
300 _av, 298p. ; 24cm.
653 _aChemical engineering -- Equipment and supplies
653 _aEquipment in chemical process industry
653 _aCHE302
942 _2ddc
_cBK
999 _c53143
_d53143